<?xml version="1.0" encoding="UTF-8"?><?xml-stylesheet type="text/xsl" href="static/style.xsl"?><OAI-PMH xmlns="http://www.openarchives.org/OAI/2.0/" xmlns:xsi="http://www.w3.org/2001/XMLSchema-instance" xsi:schemaLocation="http://www.openarchives.org/OAI/2.0/ http://www.openarchives.org/OAI/2.0/OAI-PMH.xsd"><responseDate>2026-04-17T03:00:04Z</responseDate><request verb="GetRecord" identifier="oai:www.recercat.cat:10459.1/71879" metadataPrefix="marc">https://recercat.cat/oai/request</request><GetRecord><record><header><identifier>oai:recercat.cat:10459.1/71879</identifier><datestamp>2024-12-05T11:39:05Z</datestamp><setSpec>com_2072_3622</setSpec><setSpec>col_2072_479130</setSpec></header><metadata><record xmlns="http://www.loc.gov/MARC21/slim" xmlns:dcterms="http://purl.org/dc/terms/" xmlns:xsi="http://www.w3.org/2001/XMLSchema-instance" xmlns:doc="http://www.lyncode.com/xoai" xsi:schemaLocation="http://www.loc.gov/MARC21/slim http://www.loc.gov/standards/marcxml/schema/MARC21slim.xsd">
   <leader>00925njm 22002777a 4500</leader>
   <datafield ind2=" " ind1=" " tag="042">
      <subfield code="a">dc</subfield>
   </datafield>
   <datafield ind2=" " ind1=" " tag="720">
      <subfield code="a">Tafone, Alessio</subfield>
      <subfield code="e">author</subfield>
   </datafield>
   <datafield ind2=" " ind1=" " tag="720">
      <subfield code="a">Borri, Emiliano</subfield>
      <subfield code="e">author</subfield>
   </datafield>
   <datafield ind2=" " ind1=" " tag="720">
      <subfield code="a">Cabeza, Luisa F.</subfield>
      <subfield code="e">author</subfield>
   </datafield>
   <datafield ind2=" " ind1=" " tag="720">
      <subfield code="a">Romagnoli, Alessandro</subfield>
      <subfield code="e">author</subfield>
   </datafield>
   <datafield ind2=" " ind1=" " tag="260">
      <subfield code="c">2021-09-17T06:28:25Z</subfield>
   </datafield>
   <datafield ind2=" " ind1=" " tag="260">
      <subfield code="c">2021</subfield>
   </datafield>
   <datafield ind2=" " ind1=" " tag="260">
      <subfield code="c">2021-09-17T06:28:25Z</subfield>
   </datafield>
   <datafield ind2=" " ind1=" " tag="520">
      <subfield code="a">Electrical energy storage represents a necessary link between sustainability goals and the enhancement of intermittent renewable energy sources penetration in electricity grids. Liquid air energy storage (LAES) is a promising large scale thermo-mechanical energy storage system whose round trip efficiency is largely affected by the performance of the sub-thermal energy storages. The high grade cold storage (HGCS) is by far the most important due to the crucial thermodynamic recovery of the waste cold stream released by the liquid air regasification process. LAES pilot plant and pre-commercial demonstrator, as well as the vast majority of the theoretical and experimental analysis found in literature studies, currently design to store that exergetically valuable cold source in sensible heat (SH) thermal energy storage, economically efficient but low energy density solution. Conversely, phase change material (PCM) has the potential to store a larger amount of energy using the same amount of storage volume. The objective of the present work is to numerically and experimentally investigate the thermal behaviour of a novel cryogenic HGCS packed bed filled by PCM and determine how the novelty introduced affects the LAES thermodynamic and economic performance compared to the SH configuration. To this end, a simplified transient one-dimensional numerical model to simulate the charging and discharging phase of the HGCS system has been developed and successfully validated against experimental results provided by literature for SH medium and an experimental campaign carried out on a novel lab scale HGCS at TESLAB@NTU for PCM, representing a unicum in literature for both PCM and LAES applications. The numerical results have shown that the introduction of a PCM in the HGCS mitigates the thermocline effect shown in SH configuration ensuring: a) longer discharge phase by means of the thermal buffer phenomena triggered by the phase change process and b) lower specific consumption compared to SH configuration (0.272 vs 0.330 kWhe/kgLA) due to a lower time average outlet temperature of the heat transfer fluid during the HGCS discharge, corresponding to LAES charge phase. From an economic perspective, the decrease of the time average specific consumptions results in a notable payback period inferior to 3 years, making the economic investment considerably attractive.</subfield>
   </datafield>
   <datafield ind2=" " ind1=" " tag="520">
      <subfield code="a">This work was partially funded by the Ministerio de Ciencia, Innovación y Universidades de España (RTI2018-093849-B-C31 - MCIU/AEI/FEDER, UE) and by the Ministerio de Ciencia, Innovación y Universidades - Agencia Estatal de Investigación (AEI) (RED2018-102431-T). The authors would like to thank the Catalan Government for the quality accreditation given to their research group GREiA (2017 SGR 1537). GREiA is a certified agent TECNIO in the category of technology developers from the Government of Catalonia. This work is partially supported by ICREA under the ICREA Academia programme.</subfield>
   </datafield>
   <datafield ind1="8" ind2=" " tag="024">
      <subfield code="a">http://hdl.handle.net/10459.1/71879</subfield>
   </datafield>
   <datafield tag="653" ind2=" " ind1=" ">
      <subfield code="a">Liquid air energy storage (LAES)</subfield>
   </datafield>
   <datafield tag="653" ind2=" " ind1=" ">
      <subfield code="a">Packed bedThermal energy storage (TES)</subfield>
   </datafield>
   <datafield tag="653" ind2=" " ind1=" ">
      <subfield code="a">Phase change material (PCM)</subfield>
   </datafield>
   <datafield tag="653" ind2=" " ind1=" ">
      <subfield code="a">Latent heat</subfield>
   </datafield>
   <datafield tag="653" ind2=" " ind1=" ">
      <subfield code="a">Experimental set-up</subfield>
   </datafield>
   <datafield tag="653" ind2=" " ind1=" ">
      <subfield code="a">Numerical modelling</subfield>
   </datafield>
   <datafield tag="653" ind2=" " ind1=" ">
      <subfield code="a">Renewable energy</subfield>
   </datafield>
   <datafield ind2="0" ind1="0" tag="245">
      <subfield code="a">Innovative cryogenic Phase Change Material (PCM) based cold thermal energy storage for Liquid Air Energy Storage (LAES) - Numerical dynamic modelling and experimental study of a packed bed unit</subfield>
   </datafield>
</record></metadata></record></GetRecord></OAI-PMH>